উদ্ভিদবিজ্ঞান ২য় খন্ড / (Record no. 4284)
[ view plain ]
| 000 -LEADER | |
|---|---|
| fixed length control field | 01037nam a22002417a 4500 |
| 001 - CONTROL NUMBER | |
| control field | BD-DhSAU 4284 |
| 003 - CONTROL NUMBER IDENTIFIER | |
| control field | BD-DhSAU |
| 005 - DATE AND TIME OF LATEST TRANSACTION | |
| control field | 20150222121931.0 |
| 008 - FIXED-LENGTH DATA ELEMENTS--GENERAL INFORMATION | |
| fixed length control field | 150129b1979 bg a||||r|||| 000 0 ben d |
| 040 ## - CATALOGING SOURCE | |
| Original cataloging agency | BD-DhSAU |
| 082 ## - DEWEY DECIMAL CLASSIFICATION NUMBER | |
| Edition number | 22 |
| Classification number | ৫৮১ |
| Item number | মিত্রউ |
| 100 ## - MAIN ENTRY--PERSONAL NAME | |
| Personal name | মিত্র, দেবব্রত |
| 245 ## - TITLE STATEMENT | |
| Title | উদ্ভিদবিজ্ঞান ২য় খন্ড / |
| Statement of responsibility, etc. | দ্রেবত্রত মিত্র, জীবেশ গুহ, সলিল কুমার চৌধুরী এবং নরেন দত্ত |
| 250 ## - EDITION STATEMENT | |
| Edition statement | ২য় খন্ড। |
| 260 ## - PUBLICATION, DISTRIBUTION, ETC. (IMPRINT) | |
| Place of publication, distribution, etc. | ঢাকা : |
| Name of publisher, distributor, etc. | মৌলিক লাইব্রেরী , |
| Date of publication, distribution, etc. | ১৯৮৬. |
| 300 ## - PHYSICAL DESCRIPTION | |
| Extent | xxvii, ৯৩২ পৃ. : |
| Other physical details | চিত্র ; |
| Dimensions | ২১ সেমি। |
| 590 ## - Name of Cataloguer | |
| Name of Cataloger | erfat |
| 650 ## - SUBJECT ADDED ENTRY--TOPICAL TERM | |
| Topical term or geographic name as entry element | পশুপালন। |
| 650 ## - SUBJECT ADDED ENTRY--TOPICAL TERM | |
| Topical term or geographic name as entry element | Animal husbandry. |
| 650 ## - SUBJECT ADDED ENTRY--TOPICAL TERM | |
| Topical term or geographic name as entry element | উদ্ভিদ বিজ্ঞান। |
| 700 ## - ADDED ENTRY--PERSONAL NAME | |
| Personal name | গুহ, জীবেশ |
| 700 ## - ADDED ENTRY--PERSONAL NAME | |
| Personal name | চৌধুরী, সলিল কুমার |
| 942 ## - ADDED ENTRY ELEMENTS (KOHA) | |
| Source of classification or shelving scheme | Dewey Decimal Classification |
| Koha item type | Book |
| Withdrawn status | Lost status | Source of classification or shelving scheme | Damaged status | Not for loan | Home library | Branch Name | Shelving location | Date acquired | Total Checkouts | Full call number | Barcode | Date last seen | Price effective from | Koha item type | Date checked out |
|---|---|---|---|---|---|---|---|---|---|---|---|---|---|---|---|
| Dewey Decimal Classification | SAU Library | SAU Library | General Stacks | 24/06/1990 | ৫৮১ মিত্রউ | 15029 | 16/02/2015 | 16/02/2015 | Book | ||||||
| Dewey Decimal Classification | SAU Library | SAU Library | General Stacks | 24/06/1990 | ৫৮১ মিত্রউ | 16647 | 16/02/2015 | 16/02/2015 | Book | ||||||
| Dewey Decimal Classification | SAU Library | SAU Library | General Stacks | 24/06/1990 | ৫৮১ মিত্রউ | 16633 | 16/02/2015 | 16/02/2015 | Book | ||||||
| Dewey Decimal Classification | SAU Library | SAU Library | General Stacks | 24/06/1990 | ৫৮১ মিত্রউ | 15198 | 16/02/2015 | 16/02/2015 | Book | ||||||
| Dewey Decimal Classification | SAU Library | SAU Library | General Stacks | 24/06/1990 | ৫৮১ মিত্রউ | 16632 | 16/02/2015 | 16/02/2015 | Book | ||||||
| Dewey Decimal Classification | SAU Library | SAU Library | General Stacks | 24/06/1990 | ৫৮১ মিত্রউ | 15179 | 16/02/2015 | 16/02/2015 | Book | ||||||
| Dewey Decimal Classification | SAU Library | SAU Library | General Stacks | 23/06/1993 | 3 | ৫৮১ মিত্রউ | 25385 | 25/04/2024 | 16/02/2015 | Book | 06/02/2024 | ||||
| Dewey Decimal Classification | SAU Library | SAU Library | General Stacks | 14/06/1990 | ৫৮১ মিত্রউ | 15051 | 22/02/2015 | 22/02/2015 | Book | ||||||
| Dewey Decimal Classification | SAU Library | SAU Library | General Stacks | 14/06/1990 | ৫৮১ মিত্রউ | 16635 | 22/02/2015 | 22/02/2015 | Book | ||||||
| Dewey Decimal Classification | SAU Library | SAU Library | General Stacks | 20/06/1990 | ৫৮১ মিত্রউ | 15195 | 22/02/2015 | 22/02/2015 | Book | ||||||
| Dewey Decimal Classification | SAU Library | SAU Library | General Stacks | 14/06/1990 | ৫৮১ মিত্রউ | 15037 | 22/02/2015 | 22/02/2015 | Book | ||||||
| Dewey Decimal Classification | SAU Library | SAU Library | General Stacks | 14/06/1990 | ৫৮১ মিত্রউ | 15030 | 22/02/2015 | 22/02/2015 | Book | ||||||
| Dewey Decimal Classification | SAU Library | SAU Library | General Stacks | 14/06/1990 | ৫৮১ মিত্রউ | 15188 | 22/02/2015 | 22/02/2015 | Book | ||||||
| Dewey Decimal Classification | SAU Library | SAU Library | General Stacks | 14/06/1990 | ৫৮১ মিত্রউ | 15187 | 22/02/2015 | 22/02/2015 | Book | ||||||
| Dewey Decimal Classification | SAU Library | SAU Library | General Stacks | 20/06/1990 | ৫৮১ মিত্রউ | 15202 | 22/02/2015 | 22/02/2015 | Book | ||||||
| Dewey Decimal Classification | SAU Library | SAU Library | General Stacks | 14/06/1990 | ৫৮১ মিত্রউ | 15034 | 22/02/2015 | 22/02/2015 | Book | ||||||
| Dewey Decimal Classification | SAU Library | SAU Library | General Stacks | 14/06/1990 | ৫৮১ মিত্রউ | 16631 | 22/02/2015 | 22/02/2015 | Book | ||||||
| Dewey Decimal Classification | SAU Library | SAU Library | General Stacks | 14/06/1990 | ৫৮১ মিত্রউ | 15205 | 22/02/2015 | 22/02/2015 | Book | ||||||
| Dewey Decimal Classification | SAU Library | SAU Library | General Stacks | 14/06/1990 | ৫৮১ মিত্রউ | 15047 | 22/02/2015 | 22/02/2015 | Book | ||||||
| Dewey Decimal Classification | SAU Library | SAU Library | General Stacks | 20/06/1990 | ৫৮১ মিত্রউ | 15182 | 23/02/2015 | 23/02/2015 | Book | ||||||
| Dewey Decimal Classification | SAU Library | SAU Library | General Stacks | 20/06/1990 | ৫৮১ মিত্রউ | 15203 | 23/02/2015 | 23/02/2015 | Book | ||||||
| Dewey Decimal Classification | SAU Library | SAU Library | General Stacks | 20/06/1990 | ৫৮১ মিত্রউ | 15025 | 23/02/2015 | 23/02/2015 | Book | ||||||
| Dewey Decimal Classification | SAU Library | SAU Library | General Stacks | 24/06/1990 | ৫৮১ মিত্রউ | 15032 | 23/02/2015 | 23/02/2015 | Book | ||||||
| Dewey Decimal Classification | SAU Library | SAU Library | General Stacks | 14/06/1990 | ৫৮১ মিত্রউ | 15026 | 18/07/2015 | 18/07/2015 | Book | ||||||
| Dewey Decimal Classification | SAU Library | SAU Library | General Stacks | 07/03/2016 | ৫৮১ মিত্রউ | 15199 | 07/03/2016 | 07/03/2016 | Book |
